Sustainable development poverty reduction and good governance in cambodia; ការអភិវឌ្ឍន៍ដោយចីរភាពការកាត់បន្ថយភាពក្រីក្រ និងអភិបាលកិច្ចល្អនៅកម្ពុជា (Record no. 9533)
[ view plain ]
| 000 -LEADER | |
|---|---|
| fixed length control field | 00517nam a22001217a 4500 |
| 040 ## - CATALOGING SOURCE | |
| Transcribing agency | SK |
| 082 ## - DEWEY DECIMAL CLASSIFICATION NUMBER | |
| Classification number | 332 |
| 100 ## - MAIN ENTRY--AUTHOR NAME | |
| Personal name | ជួង សុផល |
| 245 ## - TITLE STATEMENT | |
| Title | Sustainable development poverty reduction and good governance in cambodia; ការអភិវឌ្ឍន៍ដោយចីរភាពការកាត់បន្ថយភាពក្រីក្រ និងអភិបាលកិច្ចល្អនៅកម្ពុជា |
| 260 ## - PUBLICATION, DISTRIBUTION, ETC. (IMPRINT) | |
| Place of publication | PHnom Penh |
| Name of publisher | ជួង |
| Year of publication | 2002 |
| 300 ## - PHYSICAL DESCRIPTION | |
| Number of Pages | 384p. |
| 942 ## - ADDED ENTRY ELEMENTS (KOHA) | |
| Koha item type | សៀវភៅភាសាខ្មែរ |
| 952 ## - LOCATION AND ITEM INFORMATION (KOHA) | |
| Withdrawn status [LOCAL, KOHA] | 0 |
| Permanent Location | Date acquired | Koha item type | Lost status | Shelving location | Barcode | Current Location | Full call number |
|---|---|---|---|---|---|---|---|
| Library Block C | 2016-09-03 | សៀវភៅភាសាខ្មែរ | C063 | A00376 | Library Block C | 332 ជួង 2002 C63 |